| 000 | 00496nam a2200181Ia 4500 | ||
|---|---|---|---|
| 003 | GCL | ||
| 008 | 140319s9999 xx 000 0 ara d | ||
| 040 |
_aGCL / _cGCL |
||
| 082 | 0 | 4 |
_a239.4 _bس ح |
| 100 | 1 | _aسيد محمود القمنى | |
| 245 | 1 | 0 |
_aحروب دولة الرسول / _cسيد محمود القمنى |
| 300 | _a151 | ||
| 490 |
_aكتاب _v0 |
||
| 650 | 0 | 4 | _aغزوة احد |
| 650 | 0 | 4 | _aغزوة بدر |
| 650 | 0 | 4 | _aالغزوات الاسلامية |
| 942 |
_2ddc _cBK |
||
| 999 |
_c43145 _d43145 |
||